<?xml version="1.0" encoding="UTF-8"?>
<record
    xmlns:xsi="http://www.w3.org/2001/XMLSchema-instance"
    xsi:schemaLocation="http://www.loc.gov/MARC21/slim http://www.loc.gov/standards/marcxml/schema/MARC21slim.xsd"
    xmlns="http://www.loc.gov/MARC21/slim">

  <leader>01534nam a22001697a 4500</leader>
  <controlfield tag="008">180208b        xxu||||| |||| 00| 0 eng d</controlfield>
  <datafield tag="020" ind1=" " ind2=" ">
    <subfield code="a">9780073370217</subfield>
  </datafield>
  <datafield tag="050" ind1=" " ind2=" ">
    <subfield code="a">BF713.S26</subfield>
  </datafield>
  <datafield tag="100" ind1=" " ind2=" ">
    <subfield code="a">SANTROCK, John W.</subfield>
  </datafield>
  <datafield tag="245" ind1=" " ind2=" ">
    <subfield code="a">Life span development. /</subfield>
    <subfield code="c">John W. Santrock</subfield>
  </datafield>
  <datafield tag="250" ind1=" " ind2=" ">
    <subfield code="a">12th ed.</subfield>
  </datafield>
  <datafield tag="260" ind1=" " ind2=" ">
    <subfield code="a">New York: </subfield>
    <subfield code="b">McGraw Hill,</subfield>
    <subfield code="c">2009.</subfield>
  </datafield>
  <datafield tag="300" ind1=" " ind2=" ">
    <subfield code="a">xlix, 639p.:</subfield>
    <subfield code="b">ills.;</subfield>
    <subfield code="c">28cm</subfield>
  </datafield>
  <datafield tag="500" ind1=" " ind2=" ">
    <subfield code="a">Includes glossary, references and index.</subfield>
  </datafield>
  <datafield tag="505" ind1=" " ind2=" ">
    <subfield code="a">Contents: The life-span perspective: Introduction -- Beginnings: Biological beginnings -- Prenatal development and birth -- Infancy: Physical development in infancy -- Cognitive development in infancy -- Socioemotional development in infancy -- Early childhood: Physical and cognitive development in early childhood -- Socioemotional development in early childhood -- Middle and late childhood: Physical and cognitive development in middle and late childhood -- Socioemotional development in middle and late childhood -- Adolescence: Physical and cognitive development in adolescence -- Socioemotional development in adolescence -- Early adulthood: Physical and cognitive development in early adulhood -- Socioemotional development in early adulthood -- Middle adulthood: Physical and cognitive development in middle adulthood -- Socioemotional development in middle adulthood -- Late adulthood: Physical development in late adulthood -- Cognitive development in late adulthood -- Socioemotional development in late adulthood -- Endings: Death, dying and grieving.</subfield>
  </datafield>
  <datafield tag="942" ind1=" " ind2=" ">
    <subfield code="2">lcc</subfield>
    <subfield code="c">BK</subfield>
  </datafield>
  <datafield tag="999" ind1=" " ind2=" ">
    <subfield code="c">6500</subfield>
    <subfield code="d">14000</subfield>
  </datafield>
  <datafield tag="952" ind1=" " ind2=" ">
    <subfield code="0">0</subfield>
    <subfield code="1">0</subfield>
    <subfield code="2">lcc</subfield>
    <subfield code="4">0</subfield>
    <subfield code="7">0</subfield>
    <subfield code="a">WIUC-1</subfield>
    <subfield code="b">WIUC-1</subfield>
    <subfield code="c">NURS L.</subfield>
    <subfield code="d">2018-02-08</subfield>
    <subfield code="l">0</subfield>
    <subfield code="o">BF713.S26</subfield>
    <subfield code="p">NURS/391/053/18</subfield>
    <subfield code="r">2018-02-08 00:00:00</subfield>
    <subfield code="t">1</subfield>
    <subfield code="w">2018-02-08</subfield>
    <subfield code="y">BK</subfield>
  </datafield>
</record>
